<?xml version="1.0" encoding="UTF-8"?>
<record
    xmlns:xsi="http://www.w3.org/2001/XMLSchema-instance"
    xsi:schemaLocation="http://www.loc.gov/MARC21/slim http://www.loc.gov/standards/marcxml/schema/MARC21slim.xsd"
    xmlns="http://www.loc.gov/MARC21/slim">

  <leader>00828nam a2200205Ia 4500</leader>
  <controlfield tag="008">120626s9999    xx            000 0 und d</controlfield>
  <datafield tag="020" ind1=" " ind2=" ">
    <subfield code="a">978-968-24-3970-4</subfield>
  </datafield>
  <datafield tag="050" ind1="0" ind2="4">
    <subfield code="a">NC754 K65 1991</subfield>
  </datafield>
  <datafield tag="100" ind1="1" ind2=" ">
    <subfield code="a">K&#xD6;NIG, F&#xE9;lix</subfield>
  </datafield>
  <datafield tag="245" ind1="1" ind2="0">
    <subfield code="a">La perspectiva en el dibujo arquitect&#xF3;nico</subfield>
    <subfield code="c">autor, F&#xE9;lix K&#xF6;nig; traductor, Rub&#xE9;n Murray-Cambell L.; revisi&#xF3;n t&#xE9;cnica, Dimitri Maekawa R.</subfield>
  </datafield>
  <datafield tag="260" ind1=" " ind2=" ">
    <subfield code="a">M&#xE9;xico</subfield>
    <subfield code="b">Trillas</subfield>
  </datafield>
  <datafield tag="300" ind1=" " ind2=" ">
    <subfield code="a">128 p&#xE1;ginas</subfield>
  </datafield>
  <datafield tag="500" ind1=" " ind2=" ">
    <subfield code="a">Contiene: 
Prefacio
&#xCD;ndice de contenido
C&#xF3;digo de abreviaturas y s&#xED;mbolos
&#xCD;ndice anal&#xED;tico
Traducci&#xF3;n de: Bauwerke in Handzeichnungen</subfield>
  </datafield>
  <datafield tag="650" ind1="1" ind2="7">
    <subfield code="a">PERSPECTIVA</subfield>
  </datafield>
  <datafield tag="650" ind1="1" ind2="7">
    <subfield code="a">DECORACI&#xD3;N Y ORNAMENTACI&#xD3;N ARQUITECT&#xD3;NICA</subfield>
  </datafield>
  <datafield tag="650" ind1="1" ind2="7">
    <subfield code="a">DIBUJO ARQUITECT&#xD3;NICO</subfield>
  </datafield>
  <datafield tag="700" ind1="1" ind2=" ">
    <subfield code="a">MURRAY-CAMBELL L., Rub&#xE9;n trad.</subfield>
  </datafield>
  <datafield tag="700" ind1="1" ind2=" ">
    <subfield code="a">MAEKAWA R., Dimitri rev. t&#xE9;c.</subfield>
  </datafield>
  <datafield tag="942" ind1=" " ind2=" ">
    <subfield code="2">ddc</subfield>
    <subfield code="c">LB</subfield>
  </datafield>
  <datafield tag="952" ind1=" " ind2=" ">
    <subfield code="0">0</subfield>
    <subfield code="1">0</subfield>
    <subfield code="4">0</subfield>
    <subfield code="7">0</subfield>
    <subfield code="a">07</subfield>
    <subfield code="b">07</subfield>
    <subfield code="d">2012-01-18</subfield>
    <subfield code="l">6</subfield>
    <subfield code="o">NC754 K65 1991</subfield>
    <subfield code="p">07 002939</subfield>
    <subfield code="r">2024-04-25</subfield>
    <subfield code="s">2024-04-20</subfield>
    <subfield code="t">1</subfield>
    <subfield code="w">2012-06-26</subfield>
    <subfield code="y">LB</subfield>
  </datafield>
  <datafield tag="952" ind1=" " ind2=" ">
    <subfield code="0">0</subfield>
    <subfield code="1">0</subfield>
    <subfield code="2">lcc</subfield>
    <subfield code="4">0</subfield>
    <subfield code="7">0</subfield>
    <subfield code="a">07</subfield>
    <subfield code="b">07</subfield>
    <subfield code="d">2015-08-03</subfield>
    <subfield code="l">2</subfield>
    <subfield code="o">NC754 K65 1991</subfield>
    <subfield code="p">07 005367</subfield>
    <subfield code="r">2016-09-20</subfield>
    <subfield code="s">2016-09-20</subfield>
    <subfield code="t">2</subfield>
    <subfield code="w">2015-08-03</subfield>
    <subfield code="y">LB</subfield>
  </datafield>
  <datafield tag="999" ind1=" " ind2=" ">
    <subfield code="c">67710</subfield>
    <subfield code="d">67710</subfield>
  </datafield>
</record>
